000 00361nam a2200145Ia 4500
008 230917s9999||||xx |||||||||||||| ||und||
040 _e72329
_aMAIN
041 _aEnglish
082 _a005.74 D45I
100 _aDesai, Bipin C
245 0 _aIntroduction to database systems
260 _aNew Delhi
_bGalgotia
_c2001
300 _axviii, 820 p.
942 _cBK
999 _c106504
_d106504